000 00694nam a2200253 i 4500
001 92674
003 ES-MaACL
005 20260525062929.0
007 t|
008 050414s1975 sp ||||1| spa d
020 _a84-239-1539-1
080 _a165
080 _a17
100 1 _aKant, Immanuel,
_d1724-1804
_9222608
245 1 0 _aCrítica de la razón práctica /
_cManuel Kant.
260 _aMadrid :
_bEspasa Calpe,
_c[1975]
300 _a243 p. ;
_c18 cm.
490 1 _aColección austral ;
_v1589
650 4 _aEpistemología.
_912338
650 1 7 _aÉtica
_2embne
_912577
830 0 _aColección austral
_v1589
_9177655
852 _aES-MaACL
_jE-10977
_bR.134764
999 _c92674
_d92674